NHL 2016-17 rookies - Statistics

General Stats
  • This quiz has been taken 39 times
  • The average score is 18 of 28
Answer Stats
Current team + number Position Player name % Correct
Maple Leafs 34 Forward Auston Matthews
100%
Maple Leafs 16 Forward Mitch Marner
100%
Lightning 21 Forward Brayden Point
88%
Hurricanes 20 Forward Sebastian Aho
88%
Maple Leafs 88 Forward William Nylander
88%
Jets 81 Forward Kyle Connor
85%
Islanders 13 Forward Mathew Barzal
81%
Lightning 98 Defenseman Mikhail Sergachev
77%
Penguins 35 Goaltender Tristan Jarry
77%
Coyotes 6 Defenseman Jakub Chychrun
73%
Flames 19 Forward Matthew Tkachuk
73%
Flyers 11 Forward Travis Konecny
73%
Blue Jackets 8 Defenseman Zach Werenski
73%
Flyers 9 Defenseman Ivan Provorov
65%
Blue Jackets 29 Forward Patrik Laine
65%
Canucks 35 Goaltender Tatcher Demko
65%
Senators 72 Defenseman Thomas Chabot
62%
Maple Leafs 11 Forward Zach Hyman
54%
Oilers 98 Forward Jesse Puljujarvi
50%
Islanders 18 Forward Anthony Beauvillier
46%
Capitals 39 Forward Anthony Mantha
46%
Red Wings 59 Forward Tyler Bertuzzi
46%
Wild 14 Forward Joel Eriksson Ek
42%
Blackhawks 17 Forward Dylan Strome
35%
Devils 37 Forward Pavel Zacha
35%
Sharks 62 Forward Kevin Labanc
31%
Rangers 89 Forward Pavel Buchnevich
31%
Blue Jackets 28 Forward Oliver Bjorkstrand
27%
No matching quizzes found
Score Distribution
Percent of People with Each Score
Percentile by Number Answered
Your Score History
You have not taken this quiz